Statistics for Euroleague basketball winners

Click here to take the quiz!

General Stats

  • This quiz has been taken 934 times
    (489 since last reset)
  • The average score is 14 of 21

Answer Stats

Country Club Winner Finalist % Correct
SpainReal Madrid108
100%
RussiaCSKA Moscow76
99%
IsraelMaccabi Tel Aviv69
97%
SpainFC Barcelona25
95%
GreeceOlympiacos Piraeus35
94%
GreecePanathinaikos Athens61
92%
LithuaniaZalgiris Kaunas11
81%
SerbiaPartizan Belgrade10
78%
TurkeyFenerbahçe12
78%
ItalyOlimpia Milano32
76%
CroatiaCibona Zagreb20
72%
ItalyVirtus Bologna23
64%
CroatiaKK Split31
58%
LatviaASK Riga31
50%
Bosnia and HerzegovinaBosna Sarajevo10
50%
ItalyVirtus Roma10
44%
GeorgiaDinamo Tbilisi11
40%
SpainJoventut Badalona11
39%
FranceLimoges CSP10
36%
ItalyPallacanestro Varese55
24%
ItalyPallacanestro Cantù20
17%

Score Distribution

Percentile by Number Answered

Percent of People with Each Score

Your Score History

You have not taken this quiz since the last reset